000 00660nam a2200205 i 4500
001 bgj
100 1 _aJURCZYŃSKI, Tomasz
245 1 0 _aDictionary of the United States /
_cTomasz Jurczyński.
260 _aWarszawa :
_bWydawnictwa Szkolne i Pedagogiczne,
_c1995
_e(Bydgoszcz :
_fZakłady Graficzne im. KEN).
300 _a367 [1] pp :
_bdraw., photos (mainly coloured) ;
_c24 cm.
505 _aIncludes maps.
651 9 _aUnited States
_xSocial life and culture
655 _aDictionaries
020 _a8302054941 (hbk)
040 _cBPK
041 0 _aeng
920 _a83-02-05494-1 (hbk)
942 _cKS
008 s uk f |000 0 eng
999 _c48284
_d48284
856 _uhttp://koha.tu.koszalin.pl/cgi-bin/koha/opac-detail.pl?biblionumber=48284
_yKatalog online BPK